000 00526nam a22001577a 4500
999 _c9176
_d9176
008 210326b ||||| |||| 00| 0 eng d
040 _aBMS College of Architecture
100 _aPrakash, R, Ram
245 _aAuro plaza : A public utility space in the international zone of Auroville
300 _a76p.
500 _a1BM04AT024
502 _8B.Arch
_NBMS College of Architecture, Visvesvaraya Technological University
_aProject report
_d2009
650 _a Public space
700 _aMamatha P Raj
_eGuide
942 _2ddc
_cTHE